Guess The Store Brand! #2 - Statistics

General Stats
  • This quiz has been taken 56 times
    48 since last reset
  • The average score is 13 of 20
Answer Stats
Picture Answer % Correct
Toys R Us
93%
Office Depot
85%
Petsmart
80%
CVS
78%
Lowes
78%
Sam's Club
78%
Walgreens
78%
Dicks
68%
Staples
68%
Kmart
63%
Sears
63%
Petco
60%
Rite Aid
60%
Big Lots
58%
Ralph's
58%
Micheals
48%
Tesco
48%
Albertsons
40%
Carrefour
33%
VONS
25%
No matching quizzes found
Score Distribution
Percent of People with Each Score
Percentile by Number Answered
Your Score History
You have not taken this quiz since the last reset